Normal view
MARC view
- Biography of the Prophet
Entry Topical Term
001 - CONTROL NUMBER
- control field: 5319
003 - CONTROL NUMBER IDENTIFIER
- control field: JO-AjAnu
005 - DATE AND TIME OF LATEST TRANSACTION
- control field: 20230606071150.0
008 - FIXED-LENGTH DATA ELEMENTS
- fixed length control field: 230606|| aca||aabn | a|a d
040 ## - CATALOGING SOURCE
- Original cataloging agency: JO-AjAnu
- Transcribing agency: JO-AjAnu
150 ## - HEADING--TOPICAL TERM
- Topical term or geographic name entry element: Biography of the Prophet
670 ## - SOURCE DATA FOUND
- Source citation: Work cat.: (JO-AjAnu)2745: Khalid, Muhammad Khalid ; Translated: Muhammad Mahdi Al-Sharif, author 5318, The Successors of the Messenger Alla's Blessing and Peace be Upon him=خلفاء الرسول صلى الله عليه وسلم